| 000 | 00389nam a2200157Ia 4500 | ||
|---|---|---|---|
| 008 | 210210b1983 xxu||||| |||| 00| 0 eng d | ||
| 082 | _a546 HUHI | ||
| 100 | _aHUHEEY (James E). | ||
| 245 | _aInorganic chemistry:Ed 3. | ||
| 250 | _a | ||
| 260 |
_aLondon _bHarper International _c1983 |
||
| 300 | _a- | ||
| 650 | _aInorganic Chemistry | ||
| 690 | _aInorganic Chemistry | ||
| 906 | _a043904 | ||
| 999 |
_c93125 _d93125 |
||